Movies Quiz

Random Movies or Oscar Quiz

2011 Oscars Nominations Quiz Stats

 Plays Quiz not verified by Sporcle

Challenge
Share
Tweet
Embed
Score 0/62 Timer 09:00
0 Plays Today
Category Nominees % Correct
Best Animated Feature FilmToy Story 3
89.7%
Best PictureThe King's Speech
89.7%
Best PictureToy Story 3
89.7%
Writing (Original Screenplay)The King's Speech (by David Seidler)
88.6%
Best Actress in a Leading RoleNatalie Portman (Black Swan)
88%
Writing (Adapted Screenplay)Toy Story 3 (by Lee Unkrich)
88%
Best PictureBlack Swan
86.9%
Music (Original Score)The King's Speech (Alexandre Desplat)
86.9%
Best PictureThe Social Network
86.3%
Writing (Adapted Screenplay)The Social Network (by Aaron Sorkin)
85.1%
Best Actor in a Leading RoleColin Firth (The King's Speech)
84.6%
Best Actor in a Supporting RoleChristian Bale (The Fighter)
84%
Music (Original Score)The Social Network (Trent Reznor and Atticus Ross)
84%
Best PictureThe Fighter
80.6%
Best PictureInception
80.6%
Writing (Original Screenplay)Inception (by Christopher Nolan)
80.6%
Writing (Original Screenplay)The Fighter (by Keith Dorrington and others)
80%
Best PictureTrue Grit
79.4%
Music (Original Score)Inception (Hans Zimmer)
78.9%
Writing (Adapted Screenplay)True Grit (by Coen Brothers)
77.7%
Best Actor in a Leading RoleJeff Bridges (True Grit)
76%
Best Actress in a Supporting RoleMelissa Leo (The Fighter)
74.9%
Best Actor in a Leading RoleJesse Eisenberg (The Social Network)
74.3%
Best Picture127 Hours
74.3%
Writing (Adapted Screenplay)127 Hours (by Danny Boyle)
74.3%
Best Actress in a Supporting RoleAmy Adams (The Fighter)
73.7%
Music (Original Score)127 Hours (A.R. Rahman)
72.6%
Best Actor in a Supporting RoleGeoffrey Rush (The King's Speech)
72%
Best PictureWinter's Bone
70.9%
Writing (Adapted Screenplay)Winter's Bone (by Debra Granik)
70.9%
Best Actor in a Leading RoleJames Franco (127 Hours)
70.3%
Category Nominees % Correct
Best Actress in a Supporting RoleHelena Bonham Carter (The King's Speech)
70.3%
Best PictureThe Kids Are All Right
70.3%
Writing (Original Screenplay)The Kids Are All Right (by Lisa Cholodenko)
70.3%
Best Animated Feature FilmHow to Train Your Dragon
67.4%
DirectingJoel Coen and Ethan Coen (True Grit)
66.9%
DirectingDavid Fincher (The Social Network)
64.6%
Music (Original Score)How to Train Your Dragon (John Powell)
64.6%
Best Actress in a Leading RoleAnnette Bening (The Kids Are All Right)
63.4%
DirectingDarren Aronofsky (Black Swan)
63.4%
Best Actor in a Supporting RoleMark Ruffalo (The Kids Are All Right)
58.9%
Best Actress in a Supporting RoleHailee Steinfeld (True Grit)
58.9%
DirectingTom Hooper (The King's Speech)
58.9%
Best Actor in a Leading RoleJavier Bardem (Biutiful)
56%
Best Actress in a Leading RoleJennifer Lawrence (Winter's Bone)
54.3%
Best Animated Feature FilmThe Illusionist
53.1%
DirectingDavid O. Russell (The Fighter)
50.9%
Best Actress in a Leading RoleMichelle Williams (Blue Valentine)
49.7%
Foreign Language FilmBiutiful (Mexico)
49.1%
Best Actress in a Leading RoleNicole Kidman (Rabbit Hole)
47.4%
Best Actor in a Supporting RoleJeremy Renner (The Town)
44%
Best Actor in a Supporting RoleJohn Hawkes (Winter's Bone)
42.9%
Best Actress in a Supporting RoleJacki Weaver (Animal Kingdom)
41.1%
Writing (Original Screenplay)Another Year (by Mike Leigh)
32%
Music (Original Song)We Belong Together (from “Toy Story 3')
25.7%
Music (Original Song)I See the Light (from “Tangled”)
22.3%
Foreign Language FilmDogtooth (Greece)
20%
Music (Original Song)If I Rise (from “127 Hours')
19.4%
Foreign Language FilmIn a Better World (Denmark)
17.1%
Foreign Language FilmIncendies (Canada)
16.6%
Music (Original Song)Coming Home (from “Country Strong')
13.7%
Foreign Language FilmOutside the Law (Hors-la-loi) (Algeria)
10.9%

You're not logged in!

Compare scores with friends on all Sporcle quizzes.
OR
Log In

You Might Also Like...

Show Comments

Extras

Top Quizzes Today


Score Distribution

Your Account Isn't Verified!

In order to create a playlist on Sporcle, you need to verify the email address you used during registration. Go to your Sporcle Settings to finish the process.

Report this User

Report this user for behavior that violates our Community Guidelines.

Details: